Metodika tvorby predikčného modelu finančnej analýzy ex ante

Podnikateľské prostredie si vyžaduje nové metódy a techniky na verifikáciu svojich hospodárskych výsledkov, a to predovšetkým nástrojov zameraných na budúcnosť. Neustále stúpa tlak zo strany konkurencie a zákazníkov, čo vedie k snahe o analyzovanie podnikov rôznymi zainteresovanými skupinami. Návod...

Descrizione completa

Salvato in:
Dettagli Bibliografici
Autore principale: Baran, Dušan
Altri autori: Pastýr, Andrej
Natura: Capitolo di libro
Lingua:slovacco
Soggetti:
Tags: Aggiungi Tag
Nessun Tag, puoi essere il primo ad aggiungerne!!

MARC

LEADER 00000naa a2200000 4500
001 0250421
005 20221104111516.9
041 0 |a slo 
044 |a SK 
245 1 0 |a Metodika tvorby predikčného modelu finančnej analýzy ex ante  |c Dušan Baran, Andrej Pastýr 
520 |a Podnikateľské prostredie si vyžaduje nové metódy a techniky na verifikáciu svojich hospodárskych výsledkov, a to predovšetkým nástrojov zameraných na budúcnosť. Neustále stúpa tlak zo strany konkurencie a zákazníkov, čo vedie k snahe o analyzovanie podnikov rôznymi zainteresovanými skupinami. Návod na postupnosť krokov pre vytvorenie si vlastného predikčného modelu zameraného na vybrané odvetvie. 
610 2 0 |a analýza finančná 
610 2 0 |a situácia finančná podniku 
610 2 0 |a modely prognostické 
610 2 0 |a závierka účtovná 
610 2 0 |a prostredie podnikateľské 
610 2 0 |a výsledok hospodársky 
610 2 0 |a ukazovatele pomerové 
100 1 |a Baran, Dušan 
700 1 |a Pastýr, Andrej